Magistrate: a practical handbook for magistrates and justices of the peace (Record no. 427430)

000 -LEADER
fixed length control field 00399cam a22001337a 4500
008 - FIXED-LENGTH DATA ELEMENTS--GENERAL INFORMATION
fixed length control field 180718b1958 xxu||||| |||| 00| 0 eng d
082 ## - DEWEY DECIMAL CLASSIFICATION NUMBER
Classification number H225x42 R911
100 ## - MAIN ENTRY--PERSONAL NAME
Personal name Russell, Alison
245 ## - TITLE STATEMENT
Title Magistrate: a practical handbook for magistrates and justices of the peace
Statement of responsibility, etc. by Alison Russell
250 ## - EDITION STATEMENT
Edition statement 2nd ed.
260 ## - PUBLICATION, DISTRIBUTION, ETC.
Place of publication, distribution, etc. London
Name of publisher, distributor, etc. Butterworth
Date of publication, distribution, etc. 1958
300 ## - PHYSICAL DESCRIPTION
Extent 165p
650 ## - SUBJECT ADDED ENTRY--TOPICAL TERM
Topical term or geographic name entry element Magistrate-U.K.
Holdings
Withdrawn status Lost status Damaged status Not for loan Permanent Location Current Location Date acquired Full call number Barcode Date last seen Price effective from Koha item type
        Indian Institute of Public Administration Indian Institute of Public Administration 2009-11-17 H225x42 R911 13677 2018-07-21 2018-07-21 Book

Powered by Koha